| 000 | 00628nam a22001577a 4500 | ||
|---|---|---|---|
| 005 | 20260317154741.0 | ||
| 008 | 260317b |||||||| |||| 00| 0 eng d | ||
| 040 | _cVITAP | ||
| 082 |
_223rd Ed. _a294.592 IYE |
||
| 100 |
_aIyer, Kolar Krishna _917282 |
||
| 245 |
_aThe Role of Animals and Birds in the Hindu Mythology _c/ Kolar Krishna Iyer |
||
| 260 |
_aTirupati _bTirumala Tirupati Devasthanams (T.T.D.) _c2016 |
||
| 300 | _avi, 198p. : ill. ; 21cm | ||
| 650 | 0 |
_aMythology; Hindu Animals in religion - Hinduism; Birds in religion - Hinduism; Symbolism of animals - India; Sacred animals - India _917283 |
|
| 942 |
_2ddc _cREF |
||
| 999 |
_c47359 _d47359 |
||